000 00594nam a2200205Ia 4500
008 131103s9999 xx 000 0 und d
020 _a571095194
040 _aLoreto College
041 _aEnglish
082 _a808.88/AUD
_bLCLIB/24463
100 _aAuden, W. H.
245 4 _aThe Faber book of aphorisms
_b a personal selection
_cW. H. Auden and Louis Kronenberger
260 _aLondon
_bFaber and Faber
_c1974
300 _ax,405 p.
_c 19 cm.
504 _aIncludes index
650 _aLiterature
651 _aMiscellaneous Writings
700 _aKronenberger, Louis
942 _cBK
999 _c6892
_d57371